[Event "Oberliga Bayern9495"]
[Site "Bayern"]
[Date "1995.??.??"]
[Round "4"]
[White "Keller, Manfred"]
[Black "Gross, David"]
[Result "0-1"]
[WhiteElo "2225"]
[BlackElo "2390"]

1.e4 c5 2.Nf3 d6 3.Bb5+ Nd7 4.d4 Nf6 5.Nc3 a6 6.Bxd7+ Nxd7 7.O-O cxd4 8.Qxd4 e6
9.Be3 Qc7 10.Rad1 Ne5 11.Nxe5 dxe5 12.Qb6 Qxb6 13.Bxb6 Bd7 14.Rd2 Bc6 15.Rfd1 Be7
16.f3 f6 17.Ne2 Kf7 18.Nc1 a5 19.Nb3 a4 20.Nc5 g5 21.Nd7 h5 22.Bc7 g4 23.Bd6 Rag8
24.Bxe7 Kxe7 25.Kf2 h4 26.Nc5 g3+ 27.hxg3 Rxg3 28.Nxb7 Rhg8 29.Na5 Rxg2+
30.Ke3 Be8 31.Rh1 Rxd2 32.Kxd2 Rg2+ 33.Kd3 Rf2 34.Rxh4 Rxf3+ 35.Ke2 Rf4 36.Rxf4 exf4
37.c4 e5 38.b4 axb3 39.axb3 Bg6 40.Kf3 Bh5+ 41.Kf2 f5 42.exf5 e4 43.Nc6+ Kd6
44.Nd4 e3+ 45.Kf1 Ke5 46.Nc2 Kxf5 47.c5 Ke4 48.Ne1 f3 49.c6 Bg4 50.Nxf3 Bxf3
51.c7 Bg4 52.b4 Kd3 53.Ke1 e2 54.b5 Bc8  0-1

[Event "Regionalliga NO9495"]
[Site "Bayern"]
[Date "1995.??.??"]
[Round "4"]
[White "Auer, Peter"]
[Black "Kordts, Wolfgang"]
[Result "1/2-1/2"]
[WhiteElo "2070"]
[BlackElo "2000"]

1.e4 c5 2.Nf3 d6 3.Bb5+ Nd7 4.O-O a6 5.Be2 Ngf6 6.d3 g6 7.b3 Bg7 8.Bb2 O-O
9.Nbd2 b6 10.c4 Bb7 11.Ne1 Ne8 12.Bxg7 Nxg7 13.f4 f5 14.g3 e5 15.Ng2 Qe7
16.Bf3 Rae8 17.exf5 Bxf3 18.Qxf3 Nxf5 19.Rae1 Qg7 20.Qd5+ Qf7  1/2-1/2

[Event "Regionalliga SO9495"]
[Site "Bayern"]
[Date "1995.??.??"]
[Round "4"]
[White "Doerfler, Guenther"]
[Black "Nagy, Laszlo"]
[Result "0-1"]
[WhiteElo "1990"]
[BlackElo "2015"]

1.e4 c5 2.Nf3 d6 3.Bb5+ Bd7 4.Bxd7+ Qxd7 5.O-O Nc6 6.c3 d5 7.exd5 Qxd5 8.d4 e6
9.Be3 cxd4 10.cxd4 Nf6 11.Nc3 Qa5 12.Qb3 Qb4 13.Qc2 Be7 14.a3 Qa5 15.b4 Qd8
16.Ne5 Rc8 17.Qa4 O-O 18.Nxc6 Rxc6 19.Rac1 a6 20.Qb3 Qd7 21.Na4 Rxc1 22.Rxc1 Rc8
23.Nc5 Qc6 24.Nd3 Qd7 25.Nc5 Qc7 26.Nd3 Qb8 27.Rc4 Rxc4 28.Qxc4 Nd5 29.Ne5 Bd6
30.Nd7 Qd8 31.Nc5 Qc7 32.g3 b6 33.Qxa6 bxc5 34.dxc5 Bf8 35.Bd4 h5 36.c6 h4
37.Qa8 h3 38.Bc5 Qe5 39.Qxf8+ Kh7 40.Kf1 Nc3  0-1

[Event "Tan Cup"]
[Site "Beijing"]
[Date "1995.??.??"]
[Round "2"]
[White "Wong Meng Kong"]
[Black "Stangl, Markus"]
[Result "1/2-1/2"]
[WhiteElo "2430"]
[BlackElo "2560"]

1.e4 c5 2.Nf3 d6 3.Bb5+ Bd7 4.Bxd7+ Nxd7 5.O-O Ngf6 6.Qe2 e6 7.c4 Be7 8.Nc3 a6
9.b3 Rc8 10.Bb2 O-O 11.Rfe1 Ne5 12.Rad1 Qb6 13.Na4 Nxf3+ 14.Qxf3 Qc6 15.Nc3 Rfe8
16.d3 Nd7 17.Ne2 Bf6 18.Bxf6 Nxf6 19.Ng3 b5 20.Nh5 Nxh5 21.Qxh5 a5 22.Re3 e5
23.Rh3 h6 24.Qg4 bxc4 25.Rg3 g6 26.Qh4 cxb3 27.Qxh6 d5 28.exd5 Qf6 29.axb3 Rcd8
30.h4 Qf4 31.Rg5 Qf6 32.Rg4 Rxd5 33.h5 Rd4 34.Re4 Red8 35.hxg6 fxg6 36.Rde1 Rxe4
37.Rxe4 Rxd3 38.f4 Rd1+ 39.Kh2 Rd5 40.Kg1 Qf5 41.Rxe5 Qb1+ 42.Kh2 Rxe5 43.fxe5 Qe4  1/2-1/2

[Event "Belfort"]
[Site "Belfort"]
[Date "1995.??.??"]
[Round "6"]
[White "Landenbergue, Claude"]
[Black "Marin, Mihail"]
[Result "1-0"]
[WhiteElo "2430"]
[BlackElo "2540"]

1.e4 c5 2.Nf3 d6 3.Bb5+ Nd7 4.d4 Nf6 5.Nc3 cxd4 6.Qxd4 e5 7.Qd3 h6 8.Be3 Be7
9.O-O O-O 10.Bc4 Nb6 11.Bb3 Be6 12.Nh4 Nxe4 13.Nxe4 d5 14.Nf3 dxe4 15.Qxe4 Bd5
16.Bxd5 Qxd5 17.Qxe5 Qxe5 18.Nxe5 Bf6 19.Bxb6 axb6 20.Nd3 Rfe8 21.a3 Re2
22.Rac1 Rc8 23.c3 Rd8 24.Rfd1 Bg5 25.Kf1 Re6 26.Ne1 Red6 27.Rxd6 Rxd6 28.Rb1 Bf6
29.Ke2 Re6+ 30.Kd3 Rd6+ 31.Kc2 g5 32.Nd3 Bd8 33.Re1 Kf8 34.Re4 h5 35.h3 f6
36.Rd4 Ke7 37.Rxd6 Kxd6 38.c4 f5 39.Kd2 g4 40.hxg4 fxg4 41.g3 Bg5+ 42.Ke2 Ke6
43.a4 Kf5 44.b4 Ke4 45.c5 Bd8 46.cxb6 Bxb6 47.a5 Ba7 48.b5 Kd4 49.a6 b6 50.Nb4 Kc5
51.Nc6 Kxb5 52.Nxa7+ Kxa6 53.Nc6 Kb5 54.Ne5 Kb4 55.Nd7 b5 56.Nf6 Kc3 57.Ke3 Kc2
58.Nxh5 b4 59.Nf4 b3 60.Nd3 Kc3 61.Nc5  1-0

[Event "Belgrade Invest"]
[Site "Belgrade"]
[Date "1995.??.??"]
[Round "10"]
[White "Lautier, Joel"]
[Black "Timman, Jan H"]
[Result "0-1"]
[WhiteElo "2645"]
[BlackElo "2590"]

1.e4 c5 2.Nf3 d6 3.Bb5+ Nc6 4.d4 cxd4 5.Qxd4 Bd7 6.Bxc6 Bxc6 7.Nc3 Nf6 8.Bg5 e6
9.O-O-O Be7 10.Rhe1 O-O 11.Qd2 Qc7 12.Nd4 Rfd8 13.f4 h6 14.Bxf6 Bxf6 15.g4 Qb6
16.Kb1 Rac8 17.f5 Bd7 18.Nce2 Ba4 19.Nc3 Bd7 20.Nce2 d5 21.exd5 exf5 22.Nc3 Rc4
23.Nce2 fxg4 24.c3 Rc5 25.Nf4 Bg5 26.Rf1 Qd6 27.Nb3 Bf5+ 28.Ka1 Rc4 29.Nd4 Bd7
30.Qf2 Bxf4 31.Qxf4 Qxd5 32.b3 Rcc8 33.Kb2 f6 34.Rd3 Re8 35.Rfd1 Qe5 36.Qf2 a6
37.R1d2 Kh8 38.Qg2 Qe4 39.Qg3 Qe5 40.Qg2 Qe4 41.Qg3 b5 42.Qd6 Qe7 43.Qd5 Rc5
44.Qb7 Bf5 45.Qxe7 Rxe7 46.Nxf5 Rxf5 47.Rd6 a5 48.Ra6 b4 49.cxb4 axb4 50.Rb6 Rf4
51.a3 bxa3+ 52.Kxa3 h5 53.Rbd6 Ra7+ 54.Kb2 Kh7  0-1

[Event "Berliner Sommer"]
[Site "Berlin"]
[Date "1995.??.??"]
[Round "1"]
[White "Zoler, Dan"]
[Black "Fiedler, W."]
[Result "1-0"]
[WhiteElo "2415"]
[BlackElo "1965"]

1.e4 c5 2.Nf3 d6 3.Bb5+ Bd7 4.Bxd7+ Qxd7 5.c4 Nc6 6.Nc3 e6 7.O-O Be7 8.d4 cxd4
9.Nxd4 Rc8 10.Re1 Nxd4 11.Qxd4 Bf6 12.Qd3 Ne7 13.Nb5 O-O 14.e5 Bxe5 15.Rxe5 Rxc4
16.Rh5 g6 17.Qxc4 gxh5 18.Nxa7 Nf5 19.Bd2 d5 20.Qb5 Qxb5 21.Nxb5 Rc8 22.Rc1 Rxc1+
23.Bxc1 Kg7 24.Bf4 Kf6 25.Nd6 e5 26.Nxf5 Kxf5 27.Bg3 Ke4 28.Kf1 f5 29.Ke2 d4
30.a4 Kd5 31.b3 e4 32.Bh4 Kc6 33.Bf6 Kc5 34.Be7+ Kc6 35.f3 Kd5 36.fxe4+ fxe4
37.h4 Ke6 38.Bf8 Kd5 39.a5 Kc6 40.Bg7 Kc5 41.b4+ Kc4 42.Bxd4 Kxd4 43.b5 Kc5
44.a6 bxa6 45.bxa6 Kb6 46.Ke3 Kxa6 47.Kxe4  1-0

[Event "Berliner Sommer"]
[Site "Berlin"]
[Date "1995.??.??"]
[Round "1"]
[White "MacGilchrist, Siegrun"]
[Black "Zagorskis, Darius"]
[Result "0-1"]
[WhiteElo "2145"]
[BlackElo "2520"]

1.e4 c5 2.Nf3 d6 3.Bb5+ Nd7 4.O-O Nf6 5.e5 dxe5 6.Nxe5 a6 7.Bxd7+ Nxd7 8.d4 e6
9.Nxd7 Bxd7 10.Be3 cxd4 11.Bxd4 Bc6 12.c4 Qg5 13.g3 Rd8 14.Be3 Qf5 15.Qe2 Bf3
16.Qe1  0-1

[Event "Berliner Sommer"]
[Site "Berlin"]
[Date "1995.??.??"]
[Round "2"]
[White "Kristovic, Marijan"]
[Black "Dydyshko, Viacheslav"]
[Result "0-1"]
[WhiteElo "2290"]
[BlackElo "2545"]

1.e4 c5 2.Nf3 d6 3.Bb5+ Bd7 4.Bxd7+ Qxd7 5.O-O Nc6 6.c3 Nf6 7.Re1 e6 8.d4 cxd4
9.cxd4 d5 10.e5 Ng8 11.b3 Rc8 12.Re2 Nb4 13.a3 Nc6 14.Raa2 Nge7 15.Rac2 Nf5
16.b4 a6 17.g4 Nfe7 18.Bg5 Ng6 19.Qc1 Be7 20.Bxe7 Qxe7 21.Re3 O-O 22.Nc3 f6
23.b5 axb5 24.Nxb5 fxe5 25.Nxe5 Ngxe5 26.dxe5 Rf4 27.Nd6 Rcf8 28.h3 h5 29.Nxb7 Nd4
30.Rc7 Qh4 31.Rc8 Qxf2+ 32.Kh1 Rxc8 33.Qxc8+ Rf8 34.Qc3 Qf1+ 35.Kh2 h4  0-1

[Event "Berliner Sommer"]
[Site "Berlin"]
[Date "1995.??.??"]
[Round "8"]
[White "Oral, Tomas"]
[Black "Roos, Thomas"]
[Result "1-0"]
[WhiteElo "2410"]
[BlackElo "2255"]

1.e4 c5 2.Nf3 d6 3.Bb5+ Nd7 4.O-O e6 5.Re1 Nf6 6.c3 a6 7.Bf1 Ne5 8.d4 Nxf3+
9.Qxf3 cxd4 10.cxd4 d5 11.e5 Nd7 12.a4 Nb8 13.Na3 Nc6 14.Nc2 Be7 15.Qg3 Kf8
16.b4 Nxb4 17.Nxb4 Bxb4 18.Ba3 Bxa3 19.Qxa3+ Kg8 20.Rab1 g6 21.a5 Kg7 22.Rec1 Re8
23.Rb6 Qg5 24.Rc7 Qd2 25.Rb3 Qg5 26.Rf3 Rf8 27.Rf6 Rb8 28.Qe7 Kg8 29.f4 Qxf6
30.exf6 b6 31.axb6 Rxb6 32.Qxf8+ Kxf8 33.Rxc8+  1-0

[Event "Biel op"]
[Site "Biel"]
[Date "1995.??.??"]
[Round "11"]
[White "Drei, Andrea"]
[Black "Cvitan, Ognjen"]
[Result "0-1"]
[WhiteElo "2290"]
[BlackElo "2510"]

1.e4 c5 2.Nf3 d6 3.Bb5+ Bd7 4.Bxd7+ Qxd7 5.c4 Nc6 6.Nc3 e6 7.d4 cxd4 8.Nxd4 Nf6
9.O-O Be7 10.Be3 O-O 11.f3 Rfd8 12.Qe2 b6 13.Rfd1 Rac8 14.Rac1 Qb7 15.b3 Ne5
16.Rc2 a6 17.Rcc1 h6 18.Qf2 Bf8 19.h3 Ng6 20.Nde2 Nd7 21.Nf4 Nge5 22.Qg3 b5
23.Nh5 Ng6 24.f4 Kh7 25.f5 Nge5 26.fxe6 fxe6 27.cxb5 axb5 28.Rxd6 b4 29.Rxe6 Rxc3
30.Rxc3 bxc3 31.Re7 Ng6 32.Nf6+ Nxf6 33.Rxb7 Rd1+ 34.Kh2 Bd6  0-1

[Event "GER-ch"]
[Site "Binz"]
[Date "1995.??.??"]
[Round "2"]
[White "Boehnisch, Manfred"]
[Black "Roeber, Bjoern"]
[Result "1-0"]
[WhiteElo "2315"]
[BlackElo "2210"]

1.e4 c5 2.Nf3 d6 3.Bb5+ Bd7 4.Bxd7+ Nxd7 5.O-O e5 6.c3 Ngf6 7.d4 b5 8.Re1 c4
9.a4 a6 10.Na3 Rb8 11.Nc2 Be7 12.Nb4 Qc8 13.Nh4 g6 14.Bh6 Bf8 15.Qd2 Be7
16.Nf3 Ng4 17.Nd5 f6 18.axb5 axb5 19.Ra7 Qd8 20.dxe5 Nxh6 21.Nc7+  1-0

[Event "Bled op"]
[Site "Bled"]
[Date "1995.??.??"]
[Round "9"]
[White "Srebrnic, Vojko"]
[Black "Taggatz, Mario"]
[Result "0-1"]
[WhiteElo "2230"]
[BlackElo "2190"]

1.e4 c5 2.Nf3 d6 3.Bb5+ Bd7 4.Bxd7+ Qxd7 5.O-O Nf6 6.Re1 Nc6 7.c4 Ne5 8.d3 e6
9.Nc3 Be7 10.a3 O-O 11.b3 a6 12.Bb2 Qc7 13.Qe2 Nfd7 14.Rad1 Bf6 15.h3 Rad8
16.Nh2 Nc6 17.Nb1 Bxb2 18.Qxb2 Nd4 19.Nd2 Ne5 20.b4 Nxd3 21.Qc3 Nxe1 22.Rxe1 Qe7
23.e5 dxe5 24.Rxe5 Qf6 25.Qe3 Nc2  0-1

[Event "Bodensee-Cup"]
[Site "Bodensee"]
[Date "1995.??.??"]
[Round "?"]
[White "Hecht, Hans Joachim"]
[Black "Zeller, Frank"]
[Result "0-1"]
[WhiteElo "2400"]
[BlackElo "2350"]

1.e4 c5 2.Nf3 d6 3.Bb5+ Nd7 4.d4 Nf6 5.Nc3 a6 6.Bxd7+ Nxd7 7.O-O e6 8.dxc5 Nxc5
9.Bg5 Qc7 10.Qd4 b6 11.Rfe1 f6 12.Bh4 Be7 13.Rad1 O-O 14.Bg3 Rd8 15.Re3 Bf8
16.b4 e5 17.Qc4+ Ne6 18.Qb3 Qf7 19.Nd5 Rb8 20.Ree1 b5 21.a4 Bb7 22.axb5 axb5
23.Ra1 f5 24.Bh4 fxe4 25.Bxd8 exf3 26.Nc7 Nxd8 27.Qxf7+ Nxf7 28.gxf3 Ng5  0-1

[Event "Bonn GSK"]
[Site "Bonn"]
[Date "1995.??.??"]
[Round "9"]
[White "Maiwald, Jens Uwe"]
[Black "Kengis, Edvins"]
[Result "1-0"]
[WhiteElo "2455"]
[BlackElo "2575"]

1.e4 c5 2.Nf3 d6 3.Bb5+ Nd7 4.d4 Nf6 5.Nc3 a6 6.Bxd7+ Nxd7 7.O-O e6 8.Bg5 Qc7
9.Re1 f6 10.Bh4 Be7 11.e5 dxe5 12.dxe5 O-O 13.exf6 Nxf6 14.Qe2 Bd7 15.Bg3 Bd6
16.Bxd6 Qxd6 17.Rad1 Qe7 18.Ne5 Be8 19.Ne4 Nd5 20.c4 Nf4 21.Qe3 Rc8 22.g3 Ng6
23.Nd6 Rc7 24.Nxe8 Rxe8 25.Nxg6 hxg6 26.Qe5 Rc6 27.Rd2 Rd8 28.Red1 Rxd2 29.Rxd2 g5
30.Kg2 Rc8 31.Rd6 Kf7 32.a4 Re8 33.Rd3 b6 34.Qe4 Qc7 35.Qh7 Qe5 36.Rd7+ Re7
37.Qh5+ Kf6 38.Rd3 Rc7 39.Rf3+ Ke7 40.Qf7+ Kd6 41.Rd3+ Kc6 42.Qf3+  1-0

[Event "SWE-ch"]
[Site "Borlange"]
[Date "1995.??.??"]
[Round "12"]
[White "Degerman, Lars"]
[Black "Akesson, Ralf"]
[Result "1/2-1/2"]
[WhiteElo "2485"]
[BlackElo "2465"]

1.e4 c5 2.Nf3 d6 3.Bb5+ Nd7 4.O-O Nf6 5.Re1 a6 6.Bxd7+ Nxd7 7.c3 g6 8.d4 Bg7
9.Bg5 h6 10.Be3 O-O 11.dxc5 dxc5 12.Qd2 Kh7 13.c4 Ne5 14.Nxe5 Bxe5 15.Qc1 Be6
16.Bxh6 Rh8 17.Bf4 Bxf4 18.Qxf4 Bxc4 19.Nc3 Rc8 20.Nd5 Kg8 21.Rad1 Bxd5 22.exd5 Rc7
23.Re5 Rd7 24.Rd3 b5 25.h4 Rd6 26.Qe4 Kf8 27.Re3 Rd7 28.Rf3 Rd6 29.Re3 Rd7
30.Rf3 Rd6 31.Re3  1/2-1/2

[Event "Slovan op"]
[Site "Bratislava"]
[Date "1995.??.??"]
[Round "?"]
[White "Sarana, Oksana"]
[Black "Cimra, Jozef"]
[Result "1-0"]
[WhiteElo "2215"]
[BlackElo "2205"]

1.e4 c5 2.Nf3 d6 3.Bb5+ Nd7 4.O-O a6 5.Bxd7+ Bxd7 6.d3 g6 7.Nbd2 Bg7 8.Re1 e5
9.Nf1 Ne7 10.c3 O-O 11.Ne3 Bc6 12.b4 cxb4 13.cxb4 d5 14.Qc2 Rc8 15.Bb2 d4
16.Nc4 b5 17.Ncxe5 Bxe4 18.Qd2 Bb7  1-0

[Event "Slovan op"]
[Site "Bratislava"]
[Date "1995.??.??"]
[Round "?"]
[White "Sarana, Oksana"]
[Black "Boric, Muhamed"]
[Result "0-1"]
[WhiteElo "2215"]
[BlackElo "2445"]

1.e4 c5 2.Nf3 d6 3.Bb5+ Nc6 4.c3 Qb6 5.Ba4 e5 6.d3 Nf6 7.Nbd2 Be7 8.Nf1 h6
9.Ne3 Be6 10.O-O O-O 11.Qe2 Qa6 12.Bd1 Rfe8 13.c4 Bf8 14.Nd5 Bxd5 15.exd5 Nd4
16.Nxd4 cxd4 17.b4 b5 18.Bb3 bxc4 19.Bxc4 Qb7 20.a3 Rac8 21.Bb2 g6 22.f4 Bg7
23.Rac1 exf4 24.Qf2 Ng4 25.Qxf4 Ne3 26.Rfe1 Be5 27.Qxh6 Qe7 28.Bb5 Ng4 29.Qd2 Bxh2+
30.Kh1 Rxc1 31.Rxc1 Qh4  0-1

[Event "Bratislava op"]
[Site "Bratislava"]
[Date "1995.??.??"]
[Round "1"]
[White "Holubcik, M."]
[Black "Halasz, Michal"]
[Result "1-0"]
[WhiteElo "2040"]
[BlackElo "1855"]

1.e4 c5 2.Nf3 d6 3.Bb5+ Nc6 4.O-O e6 5.Re1 Nf6 6.e5 Nd7 7.Bxc6 bxc6 8.exd6 Bxd6
9.d3 O-O 10.Nbd2 Qc7 11.Ne4 Be7 12.Be3 a5 13.a4 Qb6 14.Nfd2 Nf6 15.Nc4 Qa7
16.Bd2 Qc7 17.Bc3 Nd5 18.Be5 Qd7 19.Bd6 Rd8 20.Bxe7 Qxe7 21.Qd2 Nb4 22.Re2 Ba6
23.Qe3 Bxc4 24.dxc4 Na6 25.Rd2 Rxd2 26.Qxd2 Qd8 27.Rd1 Qxd2 28.Rxd2 Kf8 29.Kf1 Ke7
30.Ke2 h6 31.f4 f5 32.Nf2 Nb8 33.Nd3 Nd7 34.Kf3 g5 35.h3 Rg8 36.g4 Rd8 37.Re2 Kf6
38.gxf5 exf5 39.b3 Kf7 40.Ne5+ Nxe5+ 41.Rxe5 Kf6 42.Rxc5 Rd6 43.Rxa5 Rd1
44.fxg5+ hxg5 45.Rc5 Rd2 46.Rxc6+ Ke5 47.Rc5+ Kf6 48.Rd5 Rxc2 49.Rd3 Rh2
50.Kg3 Rc2 51.a5 f4+ 52.Kf3 Rh2 53.Ke4 Re2+ 54.Kd4 Rc2 55.b4 Rg2 56.b5 Rg3
57.Rxg3  1-0

[Event "AUS-sf Brisbane"]
[Site "Brisbane"]
[Date "1995.??.??"]
[Round "1"]
[White "Truscott, Anthony J"]
[Black "Leskiewicz, Maksymilian"]
[Result "1-0"]
[WhiteElo "2005"]
[BlackElo "2155"]

1.e4 c5 2.Nf3 d6 3.Bb5+ Nc6 4.O-O Bd7 5.d4 cxd4 6.Nxd4 Nf6 7.Re1 g6 8.Nxc6 Bxc6
9.Bxc6+ bxc6 10.b3 Bg7 11.Bb2 O-O 12.Qe2 e5 13.Nd2 Nh5 14.Rad1 Nf4 15.Qf1 Qc7
16.g3 Ne6 17.Nf3 Rad8 18.Qc4 Kh8 19.Nh4 Rd7 20.Nf3 Rfd8 21.Re2 Re7 22.Ba3 f5
23.Red2 c5 24.exf5 gxf5 25.Nh4 f4 26.Nf5 Nd4 27.Nxe7 Nf3+ 28.Kg2 Nxd2 29.Rxd2 Qxe7
30.Qd5 Bh6 31.Rd1 Bg5 32.Bb2 Qe8 33.Rd3 Qe7 34.Bc3 Qf8 35.a4 Qf5 36.f3 Be7
37.Qb7 Qg5 38.Be1 Bf6 39.Qf7 Bg7 40.Qe6 fxg3 41.hxg3 Qc1 42.Rxd6 Qxc2+ 43.Bf2 Rf8
44.Rd7 Qe2 45.Qg4 Rg8 46.Rc7 Qb2 47.Qc4 Rf8 48.Rxc5 e4 49.Qxe4 Qxb3 50.Rc7 a5  1-0

[Event "Brno-A"]
[Site "Brno"]
[Date "1995.??.??"]
[Round "1"]
[White "Velicka, Petr"]
[Black "Kalod, Radek"]
[Result "1/2-1/2"]
[WhiteElo "2415"]
[BlackElo "2220"]

1.e4 c5 2.Nf3 d6 3.Bb5+ Bd7 4.Bxd7+ Qxd7 5.c4 Nc6 6.Nc3 Ne5 7.Nxe5 dxe5 8.Qh5 Qd4
9.O-O Nf6 10.Qe2 O-O-O 11.Rd1 Qd3 12.Qxd3 Rxd3 13.Kf1 e6 14.Ke2 Rd8 15.d3 Nd7
16.Bg5 f6 17.Be3 Nb8 18.a3 Nc6 19.Rab1 Be7 20.Na2 Nd4+ 21.Bxd4 exd4 22.b4 b6
23.a4 Kc7 24.a5 bxa5 25.bxa5 Rb8 26.Kd2 Kc6 27.Kc2 Bd6 28.Ra1 Rb7 29.Rdb1 Rxb1
30.Rxb1 Rb8 31.Ra1 Bc7 32.a6 Rb6 33.g3 h5 34.Nc1 Rb8  1/2-1/2

[Event "Ciocaltea mem"]
[Site "Bucharest"]
[Date "1995.??.??"]
[Round "10"]
[White "Komliakov, Viktor"]
[Black "Atalik, Suat"]
[Result "1/2-1/2"]
[WhiteElo "2535"]
[BlackElo "2500"]

1.e4 c5 2.Nf3 d6 3.Bb5+ Bd7 4.Bxd7+ Qxd7 5.c4 Nc6 6.Nc3 Ne5 7.Nxe5 dxe5 8.Qh5 Qd4
9.O-O Nf6 10.Qe2 O-O-O 11.Rd1 Qd3 12.Qxd3 Rxd3 13.Kf1 e6 14.Ke2 Rd8 15.a3 Nd7
16.b4 cxb4 17.axb4 Bxb4 18.Rxa7 Bxc3 19.dxc3 Nc5 20.Rxd8+ Rxd8 21.f3  1/2-1/2

[Event "Budapest FS07 IM-B"]
[Site "Budapest"]
[Date "1995.??.??"]
[Round "?"]
[White "Mueller, A."]
[Black "Pirisi, Gabor"]
[Result "0-1"]
[WhiteElo "2185"]
[BlackElo "2370"]

1.e4 c5 2.Nf3 d6 3.Bb5+ Nc6 4.O-O Bd7 5.Re1 Nf6 6.c3 a6 7.Bf1 Bg4 8.h3 Bxf3
9.Qxf3 g6 10.d3 Bg7 11.Nd2 O-O 12.g3 b5 13.Bg2 Rb8 14.Qe2 b4 15.cxb4 Nd4
16.Qd1 Rxb4 17.Nc4 Nd7 18.Bd2 Rb8 19.f4 Qc8 20.Bc3 Nb6 21.Ne3 Qd7 22.Rc1 Na4
23.Nc4 Nxc3 24.bxc3 Nb5 25.e5 d5 26.Ne3 d4 27.cxd4 cxd4 28.Nc4 Nc3 29.Qd2 Qa4
30.Rc2 Rfd8 31.Rec1 e6 32.Qf2 Bf8 33.Bf3 Bc5 34.Qg2 Rdc8 35.Qf2 Rb5 36.Nd2 Kg7
37.Ne4 Bb6 38.Qd2 Rb1 39.Kg2 Nxe4 40.Rxc8 Nxd2  0-1

[Event "Budapest FS07 IM-B"]
[Site "Budapest"]
[Date "1995.??.??"]
[Round "?"]
[White "Mueller, A."]
[Black "Zaitsev, Vadim"]
[Result "0-1"]
[WhiteElo "2185"]
[BlackElo "2350"]

1.e4 c5 2.Nf3 d6 3.Bb5+ Bd7 4.Bxd7+ Qxd7 5.O-O Nc6 6.b3 Nf6 7.Re1 g6 8.Bb2 e5
9.c3 Bg7 10.d4 O-O 11.Nbd2 Rad8 12.Qe2 Nh5 13.dxc5 Nf4 14.Qf1 dxc5 15.Red1 Qg4
16.Nc4 f5 17.Ne3 Nh3+ 18.Kh1 Qh5 19.exf5 gxf5 20.Nd5 e4 21.Ne1 Ng5 22.f4 exf3
23.Nxf3 Nxf3 24.Qxf3 Qxf3 25.gxf3 Rfe8 26.Rd2 Kf7 27.c4 Bxb2 28.Rxb2 Ne7
29.Nxe7 Rxe7 30.Kg2 Kf6 31.Kf2 Kg5 32.Re2 Rxe2+ 33.Kxe2 Re8+ 34.Kf2 Kf4 35.Rd1 Re3
36.Rd7 Rxf3+ 37.Kg2 Rc3 38.Rxh7 Rc2+ 39.Kh3 Rxa2 40.Rxb7 Rb2 41.Rxa7 Rxb3+
42.Kh4 Rc3 43.Rf7 Rxc4 44.Kh5 Ke5 45.h4 Rg4 46.Rc7 c4 47.Rc8 Kd6 48.Rf8 Ke6
49.Rc8 Kd5 50.Rc7 Kd4 51.Rd7+ Ke4 52.Re7+ Kf4 53.Rf7 Ke4 54.Re7+ Kd4 55.Rd7+ Ke5
56.Re7+ Kf4 57.Rf7 c3 58.Rc7 Rg3 59.Kh6 Kg4 60.h5 f4 61.Kg6 f3 62.Rxc3 f2
63.Rxg3+ Kxg3 64.h6 f1=Q 65.h7 Qf8  0-1

[Event "Schneider mem op"]
[Site "Budapest"]
[Date "1995.??.??"]
[Round "1"]
[White "Zilahi, Gabor"]
[Black "Farago, Sandor"]
[Result "0-1"]
[WhiteElo "2080"]
[BlackElo "2360"]

1.e4 c5 2.Nf3 d6 3.Bb5+ Nd7 4.O-O a6 5.Be2 Ngf6 6.d3 g6 7.a4 Bg7 8.Nc3 O-O
9.h3 b6 10.Nd2 Bb7 11.f4 d5 12.Bf3 e6 13.Qe2 Qb8 14.e5 Ne8 15.Rd1 Nc7 16.Nf1 b5
17.axb5 axb5 18.Bd2 b4 19.Na4 Bc6 20.b3 f6 21.d4 cxd4 22.Qe1 fxe5 23.fxe5 Nxe5
24.Nh2 d3 25.Ra2 Bxa4 26.Bxb4 dxc2 27.Rc1 Nd3  0-1

[Event "Budapest FS08 IM-A"]
[Site "Budapest"]
[Date "1995.??.??"]
[Round "1"]
[White "Todorov, Todor"]
[Black "Petit, Rene"]
[Result "1/2-1/2"]
[WhiteElo "2350"]
[BlackElo "2155"]

1.e4 c5 2.Nf3 d6 3.Bb5+ Bd7 4.Bxd7+ Qxd7 5.O-O g6 6.c3 Bg7 7.d4 e6 8.dxc5 dxc5
9.Na3 Ne7 10.Bf4 Qxd1 11.Rfxd1 Nbc6 12.Nb5 O-O 13.Rd7 a6 14.Na3 b5 15.Rad1 c4
16.Bc7 Ra7 17.Nc2 Rc8 18.Bb6 Rxd7 19.Rxd7 b4 20.cxb4 Bxb2 21.Nd2 Bc3 22.a4 Ne5
23.Rxe7 Bxd2 24.Kf1 Nc6 25.Rd7 Bc3 26.Ne3 Ne5 27.Rc7 Rb8 28.Ba7 Ra8 29.f4 Nd3
30.Nxc4 Rd8 31.Be3 Bd4 32.Bd2 e5 33.g3 exf4 34.gxf4 Nb2 35.Ke2 Nxc4 36.Rxc4 Bb2
37.a5  1/2-1/2

[Event "Schneider mem op"]
[Site "Budapest"]
[Date "1995.??.??"]
[Round "2"]
[White "Hetenyi, Geza"]
[Black "Parkanyi, Attila"]
[Result "1/2-1/2"]
[WhiteElo "2220"]
[BlackElo "2325"]

1.e4 c5 2.Nf3 d6 3.Bb5+ Bd7 4.Bxd7+ Nxd7 5.O-O g6 6.Re1 Bg7 7.Nc3 e5 8.d3 Ne7
9.a4 a6 10.Nd2 O-O 11.a5 b5 12.axb6 Nxb6 13.Na4 Nxa4 14.Rxa4 Nc6 15.c3 Qd7
16.Nc4 Rfb8 17.Ra3 Rb5 18.Qa4 Ra7 19.Ne3 Qb7 20.Nc4 Qc7 21.Be3 f5 22.f3 Qd7
23.Rea1 d5 24.exd5 Qxd5 25.Qc2 Nb8 26.Qe2 Rd7 27.Ra5 f4 28.Bf2 Qxd3 29.Qxd3 Rxd3
30.Bxc5 Rxa5 31.Rxa5 Nd7 32.Ba7 e4 33.fxe4 Nf6 34.Kf1 Nxe4 35.Rxa6 f3 36.gxf3 Rxf3+
37.Kg2 Rf4 38.Be3 Rg4+ 39.Kf3 h5 40.Nd6 Nxd6 41.Rxd6 Be5 42.Rd2 Rh4 43.Rg2 Kf7
44.Bg1 Kf6 45.Re2 Kf5 46.Kg2 Rg4+ 47.Kf1 g5 48.h3 Ra4 49.Kg2 g4 50.Bh2 Bg7
51.Rf2+ Kg5 52.Bd6 Re4 53.Bc7 Bf6 54.Bh2 Bg7 55.Bc7 Bf6  1/2-1/2

[Event "Budapest Furdo"]
[Site "Budapest"]
[Date "1995.??.??"]
[Round "2"]
[White "Mayer, Istvan"]
[Black "Schneider, Attila"]
[Result "0-1"]
[WhiteElo "2275"]
[BlackElo "2360"]

1.e4 c5 2.Nf3 d6 3.Bb5+ Bd7 4.Bxd7+ Qxd7 5.O-O Nc6 6.c4 Nf6 7.Nc3 g6 8.d3 Bg7
9.h3 O-O 10.Be3 Rab8 11.Qd2 a6 12.Rad1 b5 13.b3 Ne8 14.cxb5 axb5 15.d4 b4
16.Ne2 cxd4 17.Nfxd4 Nf6 18.f3 Rfc8 19.Rc1 Ne5 20.Rxc8+ Qxc8 21.Rc1 Qa6 22.Rc7 e6
23.Qc2 Ne8 24.Nc6 Nxc7 25.Nxb8 Qb7 26.f4 Qxb8 27.fxe5 Bxe5 28.Nd4 Nb5 29.Nc6 Qb7
30.Nxe5 dxe5 31.Qc5 Nc3 32.Qxe5 Qxe4 33.Qb8+ Kg7 34.Bc5 Nd5 35.Qf8+ Kf6 36.Qd8+ Kf5
37.Qf8 f6 38.Qd6 h5 39.Qg3 g5 40.Qf2+ Kg6 41.Qd2 h4 42.Qf2 Nf4  0-1

[Event "Budapest FS06 GM"]
[Site "Budapest"]
[Date "1995.??.??"]
[Round "5"]
[White "Farago, Sandor"]
[Black "Enders, Peter"]
[Result "1-0"]
[WhiteElo "2360"]
[BlackElo "2480"]

1.e4 c5 2.Nf3 d6 3.Bb5+ Nd7 4.O-O Nf6 5.Re1 e6 6.c3 a6 7.Bf1 g6 8.d4 Bg7
9.d5 e5 10.a4 b6 11.Nbd2 O-O 12.Nc4 Ne8 13.Bg5 f6 14.Bd2 Rf7 15.b4 h6 16.Qc1 Kh7
17.Bd3 Ra7 18.b5 f5 19.exf5 gxf5 20.Qc2 Nf8 21.bxa6 Kg8 22.Nfxe5 dxe5 23.Nxe5 Bxe5
24.Rxe5 Nd6 25.c4 Rxa6 26.Rae1 Ng6 27.R5e3 h5 28.Rg3 Rg7 29.Bg5 Qd7 30.Bf6 Qxa4
31.Qc3 Raa7 32.Bxg7 Rxg7 33.Qf6 Ne8 34.Qd8 Bd7 35.Bxf5 Bxf5 36.Rxe8+ Kh7
37.h3 Qxc4 38.Qg5  1-0

[Event "Budapest Furdo"]
[Site "Budapest"]
[Date "1995.??.??"]
[Round "6"]
[White "Kosztolanczi, Gyula"]
[Black "Schneider, Attila"]
[Result "0-1"]
[WhiteElo "2185"]
[BlackElo "2360"]

1.e4 c5 2.Nf3 d6 3.Bb5+ Bd7 4.Bxd7+ Qxd7 5.c4 Nc6 6.Nc3 g6 7.d4 cxd4 8.Nxd4 Nf6
9.O-O Bg7 10.Nde2 O-O 11.f3 Rfc8 12.b3 Qd8 13.Bg5 a6 14.a4 Rab8 15.Kh1 Nd7
16.Rb1 Nc5 17.Qd2 Ne6 18.Bh6 Qa5 19.Bxg7 Nxg7 20.Rfd1 f5 21.b4 Qe5 22.b5 Na5
23.bxa6 bxa6 24.Nd5 Nb3 25.Qg5 Kf7 26.f4 Qe6 27.Rxb3 Rxb3 28.Nd4 Qxe4 29.Nxb3 Rxc4
30.h3 h6 31.Qh4 g5 32.Qxh6 g4 33.Qh4 Rc2 34.Qxe7+ Qxe7 35.Nxe7 Kxe7 36.hxg4 fxg4
37.Nd4 Rc4 38.a5 Kf6 39.Kh2 d5 40.Kg3 Rxd4 41.Rxd4 Nf5+ 42.Kxg4 Nxd4  0-1

[Event "Budapest FS02 IM-A"]
[Site "Budapest"]
[Date "1995.??.??"]
[Round "6"]
[White "Svobodova, Michaela"]
[Black "Dobos, Jozsef"]
[Result "0-1"]
[WhiteElo "2120"]
[BlackElo "2325"]

1.e4 c5 2.Nf3 d6 3.Bb5+ Nd7 4.O-O Nf6 5.Re1 a6 6.Bf1 Ne5 7.Nxe5 dxe5 8.d3 e6
9.Nd2 Bd6 10.b3 O-O 11.Bb2 Bc7 12.a4 b6 13.Nc4 Nd7 14.Qh5 f6 15.Re3 Rf7 16.g4 g6
17.Qh6 Qf8 18.Qxf8+ Kxf8 19.h4 Bb7 20.g5 Ke7 21.Bg2 Raf8 22.Rf1 Bc6 23.Nd2 b5
24.axb5 axb5 25.Rf3 Ra8 26.Ra1 Rxa1+ 27.Bxa1 Rf8 28.Re3 Ra8 29.Re1 Ra2 30.Rc1 Ba5
31.gxf6+ Kxf6 32.Nf3 c4 33.bxc4 bxc4 34.dxc4 Bc7 35.Nd2 Ba4 36.f4 Bxc2 37.fxe5+ Ke7
38.Bd4 Nxe5 39.Ra1 Rxa1+ 40.Bxa1 Bb6+ 41.Kh2 Ng4+ 42.Kg3 h5 43.Bf3 Bf2+ 44.Kh3 Be1
45.Bc3 Nf2+ 46.Kg2 Nd3 47.c5 Kd7 48.e5 Nxc5 49.Ne4 Bxc3 50.Nxc3 Bf5 51.Kg3 Nd3
52.Be4 Nxe5 53.Bxf5 gxf5 54.Kf4 Nf7 55.Ne2 Ke7 56.Ng3 Kf6 57.Nxh5+ Kg6 58.Ng3 e5+
59.Kf3 Nh6 60.Nf1 Ng8 61.Ne3 Nf6 62.Nc4 Ng4 63.Nd6 Kf6 64.Ne8+ Kf7 65.Nc7 Nf6
66.Nb5 Ke6 67.Nc7+ Kd6 68.Nb5+ Kc5 69.Nc3 Kc4 70.Ne2 Nh5 71.Ke3 Nf6 72.Kf3 Kd3
73.Nf4+ Kd2 74.Ng2 Nh5 75.Ne3 e4+ 76.Kf2 f4 77.Nc4+ Kc3 78.Ne3 Kd3 79.Ng2 e3+
80.Kf1 Ng3+  0-1